000 00303nam a22001337a 4500
008 170609b xxu||||| |||| 00| 0 eng d
020 _a9781933116914
041 _aeng
080 _a338
100 _a19
101 _aSHP
245 _aTHE POLITICAL ECONOMY EAST ASIA
_cWAN.M
942 _2udc
_cBK
999 _c16781
_d16781